ENVIRONMENTAL valuation : A worlwide compendium of case studies

Bibliographic Details
Other Authors: Abaza, Rietbergen-McCracken
Format: Book
Published: London : Earthscan Pub. , 2000
Subjects:

MARC

LEADER 00000cam a2200000 7i4500
001 0000000447
005 20000817.0
020 0 0 |a 1853836958 
090 0 0 |a 333.7   |b ENV 2000 
245 0 0 |a ENVIRONMENTAL valuation :   |b A worlwide compendium of case studies   |c edited by Jennifer Rietbergen-McCracken and Hussein Abaza 
260 0 0 |a London :   |b Earthscan Pub. ,   |c 2000 
300 |a vi, 232 p. :   |b maps ;   |c 24 cm. 
500 0 0 |a Includes bibliographical references and index 
650 0 0 |a Environmental economics 
650 0 0 |a Environmental protection   |x Cost effectiveness 
700 0 1 |a Abaza   |h Hussein 
700 0 1 |a Rietbergen-McCracken   |h Jennifer 
999 |a 0000001545   |b Monograph   |c Open Shelf   |e Default branch